[Event "Budapest FS10 FM"]
[Site "Budapest"]
[Date "2022.10.04"]
[Round "4"]
[White "Csiba, Tibor"]
[Black "Hradeczky, Tamas"]
[Result "1-0"]
[WhiteElo "1528"]
[BlackElo "1795"]
[PlyCount "71"]
[EventDate "2022.10.01"]
[EventType "tourn"]
[EventRounds "9"]
[EventCountry "HUN"]
[SourceTitle "CBM 210 Extra"]
[Source "ChessBase"]
[SourceDate "2022.11.30"]
[SourceVersion "1"]
[SourceVersionDate "2022.11.30"]
[SourceQuality "1"]

1. d4 d5 2. Nc3 Nf6 3. Bf4 e6 4. e3 Bd6 5. Bxd6 cxd6 6. Nf3 0-0 7. Be2 Nc6 8. 0-0 a6 9. a3 Re8 10. Na2 b5 11. a4 Qb6 12. axb5 axb5 13. Nc3 Rxa1 14. Qxa1 b4 15. Na4 Qa5 16. c4 Ba6 17. b3 dxc4 18. bxc4 Ra8 19. Nb2 Qa3 20. Qxa3 bxa3 21. Na4 Bb7 22. Nb6 Ra5 23. Ra1 Ne4 24. Bd3 Nb4 25. Bxe4 Bxe4 26. Ne1 a2 27. f3 Bb1 28. Kf2 Ra6 29. c5 dxc5 30. dxc5 Ra5 31. Ke2 Rxc5 32. Na4 Rc1 33. Kd2 Rxe1 34. Nc3 Rg1 35. Nxb1 axb1Q 36. Ra8# 1-0

[Event "Budapest FS10 FM"]
[Site "Budapest"]
[Date "2022.10.01"]
[Round "1"]
[White "Hradeczky, Tamas"]
[Black "Csiba, Tibor"]
[Result "1-0"]
[WhiteElo "1795"]
[BlackElo "1528"]
[PlyCount "55"]
[EventDate "2022.10.01"]
[EventType "tourn"]
[EventRounds "9"]
[EventCountry "HUN"]
[SourceTitle "CBM 210 Extra"]
[Source "ChessBase"]
[SourceDate "2022.11.30"]
[SourceVersion "1"]
[SourceVersionDate "2022.11.30"]
[SourceQuality "1"]

1. e4 c6 2. c4 d5 3. exd5 cxd5 4. cxd5 Nf6 5. d4 Nxd5 6. Bc4 e6 7. Nf3 Be7 8. 0-0 0-0 9. Qe2 Nc6 10. Rd1 Qc7 11. Nc3 Nxc3 12. bxc3 Bd7 13. Bd3 Rfe8 14. c4 Bf6 15. Qe4 g6 16. Bg5 Bg7 17. Qh4 e5 18. d5 Nd4 19. Nxd4 exd4 20. Bf6 Bxf6 21. Qxf6 Qe5 22. Qxe5 Rxe5 23. Bf1 b5 24. Rxd4 bxc4 25. Bxc4 Rc8 26. f4 Re2 27. Rad1 f5 28. Bb3 1-0